000 00319nam a22001457a 4500
003 SGT
020 _a978-0-07-163475-5
082 _a615
_bCHO
100 _aCHOE, JAE Y.
245 _aDRUG ACTIONS AND INTERACTION
260 _aUSA
_bMC GRAW HILL
_c2011
300 _a734
650 _aDRUG ACTIONS
942 _2ddc
_cBK
999 _c33096
_d33096